| 000 | 00460nam a2200157Ia 4500 | ||
|---|---|---|---|
| 008 | 210716s2015 xx 000 0 und d | ||
| 020 | _a9788177227130 | ||
| 041 | _aeng | ||
| 082 | _a174.9658 PARS | ||
| 100 | _aParthasarathy, Swami | ||
| 245 |
_aCorporate governance: principles mechanisms and practice. _bPrinciples mechanisms and practice. |
||
| 250 | _a1 | ||
| 260 |
_aNew Delhi _bBiztantra _c2015 |
||
| 300 | _axxi,414 | ||
| 650 | _aCorporate Governance | ||
| 999 |
_c209513 _d209513 |
||